Signálny generátor
Enregistré dans:
| Auteur principal: | |
|---|---|
| Autres auteurs: | |
| Format: | Manuscrit Livre |
| Langue: | slovaque |
| Publié: |
Bratislava :
STU v Bratislave FEI,
2008
|
| Sujets: | |
| Tags: |
Pas de tags, Soyez le premier à ajouter un tag!
|
MARC
| LEADER | 00000ntm a22000003a 4500 | ||
|---|---|---|---|
| 001 | stu176453 | ||
| 005 | 20160719164641.4 | ||
| 008 | 081201s2008------------------------slo-d | ||
| 040 | |a STU |b slo | ||
| 041 | 0 | |a slo | |
| 100 | 1 | |a Tóth, Tomáš |4 aut | |
| 245 | 1 | |a Signálny generátor | |
| 260 | |a Bratislava : |b STU v Bratislave FEI, |c 2008 | ||
| 300 | |a 64 s | ||
| 650 | 7 | |a Rádioelektronika |2 stusub | |
| 700 | 1 | |a Hruškovic, Miloslav, |d 1943- |4 ths |X 2097 |7 A000002097 | |